Olivia Rodrigo song lyrics - No hints ! @7 - Statistics

General Stats
  • This quiz has been taken 136 times
  • The average score is 133 of 225
Answer Stats
Answer % Correct
I
100%
you
92%
You
92%
the
88%
The
88%
it
78%
on
78%
And
73%
and
73%
your
71%
all
70%
I'm
70%
like
70%
Like
70%
me
70%
my
70%
My
70%
that
70%
to
70%
are
68%
one
68%
do
67%
in
67%
It's
67%
want
67%
not
64%
of
64%
But
63%
but
63%
ever
63%
oh
62%
Oh
62%
every
59%
get
59%
thing
59%
you're
59%
they
58%
wear
58%
for
56%
how
56%
Did
55%
got
55%
this
55%
try
55%
Try
55%
Lacy
53%
tell
53%
care
51%
doing
51%
just
51%
Eyes
49%
eyes
49%
time
49%
well?
49%
Well
49%
angel
48%
Aren't
48%
aren't
48%
as
48%
could
48%
hell
48%
little
48%
see
48%
Skin
48%
skin
48%
out
47%
pastry
47%
sweetest
47%
hair
45%
life
45%
puff
45%
side
45%
Yeah
45%
feel
44%
lately
42%
perfume
42%
takes
42%
exist
41%
jealous
41%
made
41%
much
41%
over
41%
everywhere
40%
fell
40%
linger
40%
Ooh
40%
ribbons
40%
torture
40%
Watching
40%
hard
38%
mind
38%
plain
38%
sight
38%
worships
38%
Dear
37%
despise
37%
dust
37%
greatest
37%
poison
37%
losing
36%
People
36%
people
36%
bear
34%
bullets
34%
compliments
34%
daisies
34%
knots
34%
rotten
34%
stomach's
34%
rationalize
33%
white
33%
hidden
32%
Smart
32%
Dazzling
30%
loathe
30%
reincarnate
29%
sexy
29%
Ah
26%
Bardot
26%
starlet
25%
No matching quizzes found
Score Distribution
Percent of People with Each Score
Percentile by Number Answered
Your Score History
You have not taken this quiz